000
00253nmm a2200085Ia 4500
008
220120s9999||||xx |||||||||||||||||und||
100
_a
PCQ
245
0
_a
PCQ-JAN: Anniversary special freebis, yoga programs by sadgu
260
_a
Cyber tech publications
_c
2012
999
_c
139715
_d
139715